| 000 | 00732nam a22002297a 4500 | ||
|---|---|---|---|
| 082 |
_a621.8 _bWOR _cL-tech, P-182 |
||
| 100 |
_aAtherton, William H. _941930 |
||
| 245 |
_aWorkshop practice _cAtherton, William H. |
||
| 250 | _a2nd ed. | ||
| 260 |
_aLondon _bSir Isaac Pitman _c1944 |
||
| 300 |
_aviii, 297 p. _bill. _c22 cm. |
||
| 526 |
_a0 _b0 _c0 _d621_800000000000000_WOR |
||
| 526 |
_a0 _b0 _c0 _d621_800000000000000_WOR |
||
| 526 |
_a0 _b0 _c0 _d621_800000000000000_WOR |
||
| 526 |
_a0 _b0 _c0 _d621_800000000000000_WOR |
||
| 650 |
_aA practical work for the draughtsman _941931 |
||
| 650 |
_aMCE _9379 |
||
| 650 |
_aThe foundryman _941932 |
||
| 650 |
_aThe mechnic _941933 |
||
| 650 |
_aThe pattern-maker _941934 |
||
| 942 |
_2ddc _cBK |
||
| 999 |
_c545950 _d545950 |
||